Mikä uskonto? - Statistics

Yleistilastot
  • Tätä visaa on pelattu 54 kertaa
  • Keskiarvotulos 5 / 8
Vastaustilastot
valtio uskonto % Oikein
Intia hindulaisuus
83%
Israel juutalaisuus
81%
Thaimaa buddhalaisuus
76%
Venäjä ortodoksisuus
71%
Suomi evankelis-luterilaisuus / protestantismi
64%
Yhdysvallat katolisuus
26%
Iran siialaisuus
26%
Saudi-Arabia sunnilaisuus
21%
Ehtoja vastaavia visoja ei löytynyt
Tulosjakauma
Jokaisen tuloksen saaneiden osuus
Persentiili vastausten määrän mukaan
Tuloshistoriasi
Et ole pelannut tätä visaa